MARC

LEADER 00000nam0a2200000 4500
001 342632
005 20231102005455.0
035 |a (RuTPU)RU\TPU\book\371805 
090 |a 342632 
100 |a 20190321d1980 km y0rusy50 ca 
101 0 |a rus 
102 |a RU 
105 |a a z 001zy 
200 1 |a Итеративное решение задач математического программирования (алгоритмы метода внутренних точек)  |f И. И. Дикин, В. И. Зоркальцев  |g Академия наук СССР, Сибирское отделение, Сибирский энергетический институт им. Л. А. Мелентьева ; под ред. А. И. Тятюшкин 
210 |a Новосибирск  |c Наука  |d 1980 
215 |a 144 с.  |c ил. 
320 |a Библиогр.: с.140-142 
606 1 |a Математическое программирование  |x (математика)  |2 stltpush  |3 (RuTPU)RU\TPU\subj\41243  |9 61049 
610 1 |a алгоритмы 
610 1 |a метод внутренних точек 
610 1 |a итеративные методы 
610 1 |a допустимые решения 
610 1 |a допустимые области 
610 1 |a комбинированные алгоритмы 
610 1 |a нелинейное программирование 
610 1 |a задачи 
610 1 |a решение 
675 |a 519.85  |v 4 
700 1 |a Дикин  |b И. И.  |g Илья Иосифович 
701 1 |a Зоркальцев  |b В. И.  |g Валерий Иванович 
702 1 |a Тятюшкин  |b А. И.  |4 340 
712 0 2 |a Академия наук СССР  |b Сибирское отделение  |b Сибирский энергетический институт им. Л. А. Мелентьева  |c (Иркутск)  |c (1960-1991)  |2 stltpush  |3 (RuTPU)RU\TPU\col\11908  |9 25295 
801 1 |a RU  |b 63413507  |c 20190321 
801 2 |a RU  |b 63413507  |c 20210415  |g RCR 
942 |c BK